000 00816nam a2200205Ii 4500
003 JO-AjNU
008 230605s9999||||xx |||||||||||||| ||und||
040 _aJO-AjNU
_bara
_erda
_cJO-AjNU
041 _aara
050 1 4 _aPJ7866
100 3 _aمحاضر السليم، فهد، أمل عبدالله,
_eauthor
_948986
245 0 0 _aشيخ الإذاعيين علي المفيدي فارس الفن
264 3 1 _aالكويت: المجلس الوطني للثقافة والفنون والاداب، د.ت
300 _a186ص
_bصور فوتوغرافية
336 _atext
_btxt
_2rdacontent
337 _aunmediated
_bn
_2rdamedia
338 _avolume
_bnc
_2rdacarrier
490 0 _aمنارات ثقافية كويتية
650 4 _aعلي المفيدي - اذاعي- الكويت - محاضرات
_948987
999 _aA21488
_c25056
_d25056